Detalles MARC
| 000 -ENCABEZADO |
| Número de control [NR] |
02758nam a2200313Ia 4500 |
| 008 - DE LONGITUD FIJA DE DATOS DE ELEMENTOS - INFORMACIÓN GENERAL |
| Elementos de longitud fija [NR] |
130821s1999 ag a gs spa |
| 040 ## - FUENTE DE CATALOGACION [NR] |
| Agencia de catalogación original [NR] |
Co-BoUCM |
| Idioma de catalogación [NR] |
spa |
| 041 00 - CODIGO DE IDIOMA [R] |
| Código de idioma para texto/pista de sonido o título separado [R] |
Español |
| 092 ## - SIGNATURA TOPOGRAFICA LOCAL |
| Número de clasificación local |
DVD 0575 |
| 245 03 - MENCION DE TITULO [NR] |
| Título [NR] |
El mismo amor, la misma lluvia |
| Mención de responsabilidad, etc. [NR] |
[DVD] |
| -- |
[dirigida por] Juan José Campanella |
| 260 ## - PUBLICACION, DISTRIBUCION, ETC. (PIE DE IMPRENTA) [R] |
| Lugar de publicación, distribución, etc. [R] |
Argentina (América) |
| Nombre del editor, distribuidor, etc. [R] |
JEMPSA ; Warner Bros. Pictures |
| Fecha de publicación, distribución, etc. [R] |
1999 |
| 300 ## - DESCRIPCION FISICA [R] |
| Extensión [R] |
1 DVD |
| Otros detalles físicos [NR] |
son., color |
| 500 ## - NOTA GENERAL [R] |
| Nota general [NR] |
Co-producción Argentina y EEUU. |
| 500 ## - NOTA GENERAL [R] |
| Nota general [NR] |
SINOPSIS : Encuentros y desencuentros de una pareja, Jorge y Laura, en el contexto social de la Argentina de los años ochenta; represión del gobierno militar, la guerra de las Malvinas, retorno de la democracia, crisis económica y la llegada de Menem al poder. Jorge (Ricardo Darín), de 28 años es una joven promesa de la literatura argentina, aunque en realidad vive con los cuentos románticos que escribe para una revista de actualidad. Una noche conoce a Laura (Soledad Villamil), una soñadora camarera que sigue esperando el regreso de su novio, un artista que está montando una exposición de Uruguay y del que no tiene noticias desde hace meses. Laura y Jorge se convierten en pareja, y ella, convencida de que Jorge posee un gran talento, se empeña en que escriba literatura 'de verdad'. Pero la convivencia entre ellos se va deteriorando y su relación acaba en ruptura. A lo largo de casi dos décadas, descubriremos las alegrías, las ilusiones, las desilusiones y la esperanza de estos dos personajes y su entorno, narrados con humor, emoción, grandes dosis de ironía y una pizca de sarcasmo. |
| 508 ## - NOTA DE CREDITOS DE CREACION/PRODUCCION [R] |
| Nota de créditos de creación/producción [NR] |
Dirección : Juan José Campanella ; guión : Fenando Castets y Juan José Campanella ; producción ejecutiva : Ricardo Freixá ; música : Emilio Kauderer ; fotografía : Daniel Shulman ; montaje : Camilo Antolini. |
| 511 ## - NOTA DE PARTICIPANTE O INTERPRETE [R] |
| Nota de participante o intérprete [NR] |
Ricardo Darín (Jorge Pellegrini), Soledad Villamil (Laura Ramallo), Ulises Dumont (Márquez), Eduardo Blanco (Roberto), Alfonso de Grazia (Mastronardi), Alicia Zanca (Sonia), Graciela Tenenbaum (Marita), Magela Zanotta (Mauge), Mariana Richaudeau (Leticia), Rodrigo de la Serna (Micky), Melina González (Pepa). |
| 546 ## - NOTA DE IDIOMA [R] |
| Nota de idioma [NR] |
Audio en Español. |
| 650 04 - ASIENTO SECUNDARIO DE MATERIA - TERMINO TEMATICO [R] |
| Término temático o nombre geográfico como elemento de entrada [NR] |
Amor en el cine |
| Subdivisión de forma [R] |
DVD |
| 9 (RLIN) |
8920 |
| 650 04 - ASIENTO SECUNDARIO DE MATERIA - TERMINO TEMATICO [R] |
| Término temático o nombre geográfico como elemento de entrada [NR] |
Entretenimiento |
| 9 (RLIN) |
26487 |
| 650 04 - ASIENTO SECUNDARIO DE MATERIA - TERMINO TEMATICO [R] |
| Término temático o nombre geográfico como elemento de entrada [NR] |
Escritores en el cine |
| Subdivisión de forma [R] |
DVD |
| 9 (RLIN) |
14784 |
| 650 04 - ASIENTO SECUNDARIO DE MATERIA - TERMINO TEMATICO [R] |
| Término temático o nombre geográfico como elemento de entrada [NR] |
Películas cinematográficas |
| Subdivisión geográfica [R] |
Argentina |
| Subdivisión de forma [R] |
DVD |
| 9 (RLIN) |
7903 |
| 650 04 - ASIENTO SECUNDARIO DE MATERIA - TERMINO TEMATICO [R] |
| Término temático o nombre geográfico como elemento de entrada [NR] |
Películas cinematográficas |
| Subdivisión geográfica [R] |
Estados Unidos |
| Subdivisión de forma [R] |
DVD |
| 9 (RLIN) |
7903 |
| 650 04 - ASIENTO SECUNDARIO DE MATERIA - TERMINO TEMATICO [R] |
| Término temático o nombre geográfico como elemento de entrada [NR] |
Sociología |
| 9 (RLIN) |
386 |
| 700 1# - ASIENTO SECUNDARIO - NOMBRE PERSONAL [R] |
| Nombre personal [NR] |
Campanella, Juan José |
| Fechas asociadas con el nombre [NR] |
1959- |
| Término de relación [R] |
|
| 710 2# - ASIENTO SECUNDARIO - NOMBRE CORPORATIVO [R] |
| Nombre corporativo o de jurisdicción como elemento de entrada [NR] |
Jorge Estrada Mora Producciones S.A. (JEMPSA) |
| 710 2# - ASIENTO SECUNDARIO - NOMBRE CORPORATIVO [R] |
| Nombre corporativo o de jurisdicción como elemento de entrada [NR] |
Warner Bros. Pictures |
| 856 04 - LOCALIZACION Y ACCESO ELECTRONICOS [R] |
| Identificador Uniforme del Recurso (“URI”) [R] |
<a href="https://www.youtube.com/watch?v=FmkgidilUbw">https://www.youtube.com/watch?v=FmkgidilUbw</a> |
| Nota dirigida al público [R] |
Siga este vínculo para ver el trailer. |
| 942 ## - ELEMENTOS DE ENTRADA AGREGADOS (KOHA) |
| Tipo de ítem principal el descrito en 300a |
Multimedia |
| Sistema de clasificación |
LOCAL |
| Tema principal |
Sociología |
| Edición |
1 |